000 00311 a2200109 4500
001 ART_19563
005 20260410161922.0
008 260409a
245 1 0 _aPráctica societaria
100 1 _aMascheroni, Fernando H.
773 0 _tLa información
_g- Tomo XLI, Nº 605 (mayo 1980)
_wREV14902
999 _c27794
_d27794